000 00750nam a22002417a 4500
003 UA-OsUOA
001 48058
007 ta
008 20121120b un ||||| |||| 00| 0 ukr d
100 _aСусленский Я.
090 _a82-94
_bС90
942 _cBK
040 _aUA-OsUOA
_brus
_cUA-OsUOA
_dUA-OsUOA
245 _aПеро мое - враг мой: сборник писем, статей, и очерков
300 _a432 с.
955 _a1
041 _arus
080 _a82-94
260 _aИерусалим
_c1999
650 7 _a82 Література. Літературознавство
_2UDC
999 _c428163
_d428163